| 000 | 00386pam a2200157 a 4500 | ||
|---|---|---|---|
| 020 |
_a817381041 _c |
||
| 041 | _h | ||
| 082 |
_a 618 _bDAT |
||
| 100 | _aDATTA, D . | ||
| 245 |
_aTEXT BOOK OF GYNAECOLOGY / _hTextual Documents |
||
| 250 | _a4 ED. | ||
| 260 |
_aNULL : _bNEW CENTRAL BOOK AGENCY , _c2005. |
||
| 300 |
_a606+XXI : : _bVI ; ; _cA4. |
||
| 930 | _a46 | ||
| 999 |
_c794585 _d794585 |
||
| 650 | _aOBST.GYNE | ||